| 000 -LEADER |
| fixed length control field |
00811cam a2200241 a 4500 |
| 001 - CONTROL NUMBER |
| control field |
14653489 |
| 005 - DATE AND TIME OF LATEST TRANSACTION |
| control field |
20180110082932.0 |
| 008 - FIXED-LENGTH DATA ELEMENTS--GENERAL INFORMATION |
| fixed length control field |
061201s2008 mau b 001 0 eng |
| 010 ## - LIBRARY OF CONGRESS CONTROL NUMBER |
| LC control number |
2006939562 |
| 020 ## - INTERNATIONAL STANDARD BOOK NUMBER |
| International Standard Book Number |
9780312447250 (pbk.) |
| 020 ## - INTERNATIONAL STANDARD BOOK NUMBER |
| International Standard Book Number |
0312447256 (pbk.) |
| 040 ## - CATALOGING SOURCE |
| Original cataloging agency |
DLC |
| Transcribing agency |
DLC |
| Modifying agency |
DLC |
| 041 ## - LANGUAGE CODE |
| Language code of text/sound track or separate title |
eng |
| 080 ## - UNIVERSAL DECIMAL CLASSIFICATION NUMBER |
| Universal Decimal Classification number |
371.9 WIL |
| 082 00 - DEWEY DECIMAL CLASSIFICATION NUMBER |
| Classification number |
371.9 WIL |
| Edition number |
22 |
| 100 ## - Rafti |
| Rafti |
46 |
| 101 ## - Shkurtesa |
| Shkurtesa |
EDU |
| 245 00 - TITLE STATEMENT |
| Title |
Disability and the teaching of writing : |
| Statement of responsibility, etc |
edited by Cynthia Lewiecki-Wilson, Brenda Jo Brueggemann with Jay Dolmage. |
| 504 ## - BIBLIOGRAPHY, ETC. NOTE |
| Bibliography, etc |
Includes bibliographical references (p. 271-280) and index. |
| 906 ## - LOCAL DATA ELEMENT F, LDF (RLIN) |
| a |
7 |
| b |
cbc |
| c |
orignew |
| d |
2 |
| e |
epcn |
| f |
20 |
| g |
y-gencatlg |
| 942 ## - ADDED ENTRY ELEMENTS (KOHA) |
| Source of classification or shelving scheme |
|
| Item type |
Books |